000 00745nam a2200241Ia 4500
003 OSt
005 20221006165143.0
006 a|||||r|||| 00| 0
007 ta
008 221006b |||||||| |||| 00| 0 hin d
024 _a7,266
037 _cTheseses
040 _aFML
_cFML
_bhin
041 _2hin
_ahin
100 _aGoyal Sapna Au.
_9679202
110 _aDelhi University. Faculty of Music and Fine Arts. Department of Music
245 0 _aSarod Ka Vikasit Swaroop Evam Uski Tatha Sitar Ki Vaadan Vidhiyon Ka Tulnatmak Aadhyayan
260 _c1998
300 _a228
_ccm.
700 _aDelhi University. Faculty of Music and Fine Arts. Department of Music
942 _cDIS
_2CC
999 _c1119813
_d1119813